Statistics for Movie Logos Close Up

Click here to take the quiz!

General Stats

  • This quiz has been taken 1,048 times
    (1,043 since last reset)
  • The average score is 15 of 24

Answer Stats

Answer% Correct
The Godfather
92%
The Mask
86%
Up
85%
Alien
83%
Mission Impossible
82%
Planet of The Apes
80%
Hellboy
78%
Nightmare on Elm Street
74%
Scarface
71%
The Shining
70%
Gravity
68%
Spartacus
66%
The Exorcist
65%
Tomb Raider
62%
The Shawshank Redemption
61%
Dracula
53%
Full Metal Jacket
52%
Titanic
50%
American Sniper
48%
Platoon
48%
The Girl With the Dragon Tattoo
44%
The Grand Budapest Hotel
43%
2001 Space Odyssey
32%
All About Eve
18%

Score Distribution

Percentile by Number Answered

Percent of People with Each Score

Your Score History

You have not taken this quiz since the last reset